[Event "RUS-chT L1"]
[Site "Sochi RUS"]
[Date "2004.04.28"]
[Round "9.4"]
[White "Sharafiev, Azat"]
[Black "Khlian, Eduard"]
[Result "1/2-1/2"]
[WhiteElo "2255"]
[BlackElo "2460"]
[EventDate "2004.04.20"]
[PlyCount "193"]

1.e4 c6 2.d4 d5 3.Nd2 dxe4 4.Nxe4 Bf5 5.Ng3 Bg6 6.h4 h6 7.Nf3 e6 8.h5 Bh7 
9.Bd3 Bxd3 10.Qxd3 Nf6 11.Bf4 Na6 12.Qb3 Qb6 13.Qxb6 axb6 14.c3 Nd5 15.Bd2
b5 16.a3 Nb6 17.O-O-O f6 18.Nh4 Bd6 19.Ng6 Rg8 20.Bf4 Bxf4+ 21.Nxf4 Kf7 
22.Rhe1 Rge8 23.Rd2 Rad8 24.Rde2 Nc7 25.Ne4 e5 26.dxe5 Rxe5 27.Nc5 Rxe2 
28.Rxe2 Rb8 29.Ne4 f5 30.Nc5 Ncd5 31.Re5 Kf6 32.Nxd5+ Kxe5 33.Nxb6 Kd6 34.
b4 Re8 35.a4 bxa4 36.Nbxa4 b5 37.Nb2 Re1+ 38.Kd2 Rh1 39.Ke3 Rxh5 40.Nbd3 
g5 41.f4 Rh1 42.Nb3 Rg1 43.Kf2 Rb1 44.Nd4 Kd5 45.Nxf5 Ke4 46.Nxh6 Kxd3 47.
fxg5 Rh1 48.g4 Kxc3 49.Kg2 Ra1 50.g6 Ra7 51.Nf5 c5 52.g7 Ra8 53.bxc5 b4 
54.c6 b3 55.Ne3 Kd4 56.Nd1 Kd5 57.c7 Kd6 58.Kf3 Re8 59.Kf4 Ke6 60.Ke4 Rc8 
61.Kd4 Kf7 62.Kc3 Rxc7+ 63.Kxb3 Rd7 64.Nc3 Rd4 65.Kc2 Kxg7 66.Kb3 Kg6 67.
Kc2 Kg5 68.Kb3 Kxg4 69.Kc2 Kf3 70.Kb3 Ke3 71.Kc2 Rc4 72.Kb3 Kd4 73.Na4 Rc1
74.Kb2 Rc8 75.Kb3 Rc7 76.Nb2 Rb7+ 77.Kc2 Rb4 78.Nd1 Rb8 79.Nb2 Rh8 80.Kb3 
Rh2 81.Na4 Rh3+ 82.Kb4 Kd3 83.Nc5+ Kc2 84.Kc4 Rh5 85.Ne4 Ra5 86.Kd4 Ra4+ 
87.Ke5 Rb4 88.Nc5 Kd2 89.Kd5 Ke3 90.Ne6 Rh4 91.Ke5 Rh5+ 92.Kf6 Ke4 93.Ng5+
Kf4 94.Ne6+ Kg4 95.Kg6 Ra5 96.Kf6 Ra6 97.Ke5 1/2-1/2